00418nam a2200133 i 450000100060000000300090000600500170001500700030003200800410003510000200007624500840009626000810018085200230026143730ES-MaACL20230906160850.0t|030318s1878 sp ||||1| spa d1 aCaula, Remigio.11a¡Triste ejemplo! b: cuadro dramático en un acto en verso / cRemigio Caula. aLugo : b[s.n.], c1878 (fImpr. de Soto Freire á cargo de Juan M. Bravot) aES-MaACLj1607-F-2